书目信息 |
| 题名: |
地基与基础
|
|
| 作者: | ;中国建筑科学研究院地基基础研究所 编 | |
| 分册: | ||
| 出版信息: | 北京 中国建筑工业出版社 1983 |
|
| 页数: | 169页 | |
| 开本: | 19cm | |
| 丛书名: | 建筑管理干部技术学习丛书之四 | |
| 单 册: | ||
| 中图分类: | TU4 | |
| 科图分类: | ||
| 主题词: | 土力学 , 地基--基础(工程) | |
| 电子资源: | ||
| ISBN: | ||
| 000 | 00848nam0 2200277 45 | |
| 001 | 0183004724 | |
| 005 | 20040517112524.9 | |
| 010 | @dCNY0.45 | |
| 091 | @a15040.4478 | |
| 100 | @a19950603d1983 em y0chiy0121 ea | |
| 101 | 0 | @achi |
| 102 | @aCN@b110000 | |
| 105 | @ay z 000yy | |
| 106 | @ar | |
| 200 | 10 | @a地基与基础@Adi ji yu ji chu@f中国建筑科学研究院地基基础研究所编 |
| 210 | @a北京@c中国建筑工业出版社@d1983 | |
| 215 | @a169页@d19cm | |
| 225 | @a建筑管理干部技术学习丛书之四 | |
| 410 | @12001 @a建筑管理干部技术学习丛书之四 | |
| 606 | 0 | @a土力学 |
| 606 | 0 | @a地基@x基础(工程) |
| 690 | @aTU4 | |
| 711 | 02 | @a中国建筑科学研究院地基基础研究所@Azhong guo jian zhu ke xue yan jiu yuan di ji ji chu yan jiu suo@4编 |
| 801 | 0 | @aCN@b上海图书馆@c20040517 |
| 801 | 2 | @aCN@bNLC@c20040517 |
| 905 | @f2@b94074-075@dTU4@e20@b94077@f1 | |
| 地基与基础/中国建筑科学研究院地基基础研究所编.-北京:中国建筑工业出版社,1983 |
| 169页;19cm.-(建筑管理干部技术学习丛书之四) |
| ISBN :CNY0.45 |
| ● |
| 相关链接 |
|
|
|
|
正题名:地基与基础
索取号:TU4/20
 
预约/预借
| 序号 | 登录号 | 条形码 | 馆藏地/架位号 | 状态 | 备注 |
| 1 | 0094074 | 001481079 | 密集书库/ [索取号:TU4/20] | 在馆 | |
| 2 | 0094075 | 001481060 | 密集书库/ [索取号:TU4/20] | 在馆 | |
| 3 | 0094077 | 001481088 | 第三借阅区/ [索取号:TU4/20] | 在馆 |